000 01020nam a2200289 a 4500
001 41979
003 BD-RjUL
005 20211209053458.0
008 160608s19631937enkcfh b 001 0 eng
035 _a(BD-RjUL)42097
040 _aDLC
_cMHR
_dEQO
_dBD-RjUL
_beng
041 _aeng
082 _a341.70903
_223
_bTHS 1963
100 1 _aThompson, James Westfall,
_d1869-1941.
_9129045
245 1 0 _aSecret diplomacy :
_ba record of espionage and double-dealing, 1500-1815 /
_cby J.W. Thompson & S.K. Padover ; with 18 illustrations.
260 _aLondon :
_bJarrolds,
_c1937.
300 _a286 p. :
_bill ;
_c22 cm.
500 _a"Appendix: Cryptography": p. 253-263.
504 _aBibliography: p. 265-278. Includes index.
650 0 _aDiplomacy
_xHistory.
_9129046
650 0 _aSecret service
_9129047
650 0 _aCryptography
_9119664
651 0 _aEurope
_xPolitics and government.
_9129048
700 1 _aPadover, Saul Kussiel,
_d1905-1981.
_9129049
740 0 1 _aEspionage and double-dealing
942 _2ddc
_cBK
999 _c41979
_d41979